| 000 | 00517nam a2200193 a 4500 | ||
|---|---|---|---|
| 001 | 902 | ||
| 003 | CDMR | ||
| 005 | 20131125181039.0 | ||
| 008 | 130130s1997||||||||||||||||||||||||||||d | ||
| 020 | _a8489171777 | ||
| 040 |
_aCDMR _bcat _cCDMR |
||
| 100 | 1 |
_aMaciá Gómez, Ramón _9703 |
|
| 245 | 1 | 3 |
_aEl delito de la injuria _cRamón Maciá Gómez |
| 260 |
_aBarcelona _c1997 _bCedecs |
||
| 300 | _a195 p. | ||
| 490 | 0 |
_aCedecs Derecho Penal. _aMonografías |
|
| 650 | 0 | 4 |
_94371 _aDelictes contra l'honor |
| 942 |
_cMON _2udc |
||
| 999 |
_c902 _d902 |
||